Packaging life : (Record no. 41672)

MARC details
000 -LEADER
fixed length control field 00825nam a22002297a 4500
005 - DATE AND TIME OF LATEST TRANSACTION
control field 2010081308408.0
010 ## - LCCN (DPL NO)
LC control number ENG-100149
020 ## - INTERNATIONAL STANDARD BOOK NUMBER
International Standard Book Number 9788132102403
Terms of availability 595.00
035 ## - SYSTEM CONTROL NUMBER
System control number EN-83681
037 ## - SOURCE OF ACQUISITION
Source of stock number/acquisition DBAD/PUB
082 ## - DEWEY DECIMAL CLASSIFICATION NUMBER
Classification number 306.09
100 ## - MAIN ENTRY--PERSONAL NAME
Personal name Nayar, Pramod K.
245 ## - TITLE STATEMENT
Title Packaging life :
Statement of responsibility, etc by Pramod K. Nayar
Remainder of title cultures of the everyday /
260 ## - PUBLICATION, DISTRIBUTION, ETC. (IMPRINT)
Place of publication, distribution, etc New Delhi
Name of publisher, distributor, etc Sage Publications
Date of publication, distribution, etc 2009
270 ## - ADDRESS
Address B1/1-1 Mohan Cooperative Industrial Area Mathura Road,
City New Delhi
Postal code 110044
300 ## - PHYSICAL DESCRIPTION
Extent xxv, 218p.
Dimensions 22cm (Hb)
500 ## - GENERAL NOTE
General note Includes index
650 ## - SUBJECT ADDED ENTRY--TOPICAL TERM
Topical term or geographic name as entry element Comopolitanism
650 ## - SUBJECT ADDED ENTRY--TOPICAL TERM
Topical term or geographic name as entry element Culture
942 ## - ADDED ENTRY ELEMENTS (KOHA)
Source of classification or shelving scheme Dewey Decimal Classification
Item type English Books
Classification part 306.09
Call number suffix NAY
Holdings
Withdrawn status Lost status Not for loan Collection code Home library Current library Date acquired Source of acquisition Cost, normal purchase price Full call number Barcode Copy number Cost, replacement price Koha item type
    Not For Loan Non-fiction D.B.Act.Division D.B.Act.Division 13/08/2010 DBAD/PUB 595.00 306.09 NAY EN-83681 1 595.00 English Books

© Delhi Public Library
Hit Counter
free hit counter